|
|
|
|
| LEADER |
00000nam0a2200000 4500 |
| 001 |
108900 |
| 005 |
20231031115844.0 |
| 010 |
|
|
|a 5947014154
|
| 020 |
|
|
|a RU
|b 89-17782
|
| 035 |
|
|
|a (RuTPU)RU\TPU\book\117555
|
| 090 |
|
|
|a 108900
|
| 100 |
|
|
|a 20070126d1989 km z0rusy5003 ca
|
| 101 |
0 |
|
|a rus
|
| 102 |
|
|
|a RU
|
| 105 |
|
|
|a y z 001zy
|
| 200 |
1 |
|
|a Интенсификация геологоразведочных работ на нефть и газ
|f В. М. Белокопытов
|
| 210 |
|
|
|a Москва
|c Недра
|d 1989
|
| 215 |
|
|
|a 180 с.
|
| 320 |
|
|
|a Библиогр.: с. 176-178.
|
| 610 |
1 |
|
|a нефть
|
| 610 |
1 |
|
|a газ
|
| 610 |
1 |
|
|a геолого-разведочные работы
|
| 610 |
1 |
|
|a интенсификация
|
| 610 |
1 |
|
|a поиски
|
| 610 |
1 |
|
|a разведка
|
| 675 |
|
|
|a 553.98:550.8
|v 3
|
| 700 |
|
1 |
|a Белокопытов
|b В. М.
|g Валентин Маркович
|4 070
|
| 801 |
|
0 |
|a RU
|b RuMRKP
|c 19950417
|g psbo
|
| 801 |
|
1 |
|a RU
|b 63413507
|c 20070126
|g PSBO
|
| 801 |
|
2 |
|a RU
|b 63413507
|c 20091102
|g PSBO
|
| 900 |
|
|
|a Методы интенсификации добычи углеводородов и повышения компонентоотдачи пластов
|
| 942 |
|
|
|c BK
|